Statistiques concernant Surnom foot

Cliquez ici pour prendre le quiz!

Statistiques générales

  • Ce quiz a été pris 116 fois
  • Le résultat moyen est 7 sur 15

Statistiques - réponses

QuestionRéponse% Correct
Qui est surnommé la "Joya" ?Dybala
72%
Qui est surnommé "El Último Diez" ?Juan Roman Riquelme
69%
Quel est le surnom de la sélection ghanéenne ?Les Black stars
65%
Qui était surnommé autrefois le "hollandais volant" ?Johan Cruyff
60%
Quel était le surnom du fameux Lev Yashin, gardien de l'URSS et seul joueur de son poste à avoir remporter la distinction individuel suprème ?L'araignée noire
56%
Dans quel contexte Madjer a-t-il donné naissance au geste du même nom ?En finale de la Ligue des Champions 1987 contre le Bayern Munich
55%
Qui fut surnommé le "Pelé blanc" ?Zico
54%
Surnom repris par la suite, qui a été la première "panthère noire" ?Eusebio
51%
Qui était surnommé "EL Imperador" ?Adriano
46%
Quel derby est surnommé celui de la "madonnina" ?AC Milan-Inter Milan
42%
Qui avait pour surnom "El chino" ?Alvaro Recoba
36%
Qui a longtemps porté le surnom de "The Swan of Utrecht" ?Marco Van Basten
28%
Qui était surnommé de la "tulipe noire" ?Ruud Gullit
24%
Quel match fut surnommé mondialement le "match du siècle" (XXème siècle) ?Demi finale Coupe du monde Allemagne - Italie 1970
19%
Qui était surnommé la "perle noire" ?Ben Barek
17%

Distribution des résultats

Percentile par nombre de réponses

% des personnes avec chaque résultat

Votre développement - résultats

Vous n’avez pas pris ce quiz